Figur und Spiel im Puppentheater der Welt (Запис номер 210436)
[ съкратено ]
| 000 -Лидер | |
|---|---|
| Контролно поле с фиксирана дължина | 01021nkm a2200301 c 4500 |
| 003 - Код на организацията, давaща контролен номер | |
| Контролно поле | BLK |
| 005 - Дата и час на последна редакция | |
| Контролно поле | 20200430110843.0 |
| 008 - Елементи от данни с фиксирана дължина | |
| fixed length control field | 180412b bul rap|r|||| r0| ||bulo| |
| 010 ## - Наследен системен номер | |
| LC control number | KNG00165439000 |
| 040 ## - Източник на каталожния запис | |
| Идентификатор на билиотеката - собственик на записа | BLK |
| 041 ## - Код за език | |
| Код за езика на текст/звукозапис или на отделно заглавие | Немски |
| Код за езика КДБФ | Немски |
| 080 ## - УДК | |
| Текстов определител УДК | Куклен театър. Марионетен театър. Вж и 791.5 |
| УДК код - определител по УДК | 792.97 |
| УДК - код + определител | 792.97 |
| 139 ## - Редно поле | |
| Редна дума | Figur und Spiel im Puppentheater der Welt |
| Авторски знак | Fig - F 51 |
| Feature heading | Ф 46 |
| 245 10 - Сведения за заглавието | |
| Заглавие | Figur und Spiel im Puppentheater der Welt |
| 257 ## - Страна на издаване | |
| Страна на създаване/издаване | Германия |
| 260 ## - Област на издателските данни | |
| Име на издателя, разпространителя и проч. | Henschel-Verl. Kunst und Ges. |
| Година на издаване | 1977 |
| 300 ## - Физическа характеристика | |
| Страници | 224 p. |
| Илюстрации и др. | ill. |
| Размери/Мащаб | 28 cm |
| 380 ## - Жанр | |
| Жанр | Изкуство |
| 500 ## - Общи забележки | |
| Забележка | Именен показалец. |
| 650 #4 - Допълнително описание по предмет – тема | |
| Основно описание – тема или топоним | Куклен театър |
| 9 (RLIN) | 261911 |
| 653 ## - Ключова дума – ненормативна | |
| Ключова дума | куклен театър |
| 653 ## - Ключова дума – ненормативна | |
| Ключова дума | марионетки |
| 852 ## - Местоположение | |
| Форматна сигнатура | Цб Гр А ІІ 2552 |
| 856 4# - Електронен адрес и достъп | |
| Електронен формат | pdf - файл |
| Път до файла /url/ | |
| 856 4# - Електронен адрес и достъп | |
| Електронен формат | pdf - файл |
| Път до файла /url/ | |
| 999 ## - СИСТЕМНИ КОНТРОЛНИ НОМЕРА | |
| Koha biblionumber | 210436 |
| Koha biblioitemnumber | 210436 |
| 942 ## - АРТИКУЛИ | |
| Вид на библиотечния материал | Графични издания |
| Скрит в OPAC | Не |
| Периодичен библиозапис | Да |
| 944 ## - СЪЗДАВАНЕ И РЕДАКЦИЯ на ЗАПИСА | |
| Създаване/Редакция | Създаване |
| Дата на регистрацията/редакция | 30.09.2014 |
| Статус, дата на статуса | 30.09.2014 - от С1,Р / 30.09.2014 |
| Служител, извършил регистрацията/редакцията | Ирена_Линкова |
| 944 ## - СЪЗДАВАНЕ И РЕДАКЦИЯ на ЗАПИСА | |
| Създаване/Редакция | Редакция |
| Дата на регистрацията/редакция | 30.09.2014 |
| Статус, дата на статуса | 30.09.2014 - от С1,Р / 30.09.2014 |
| 999 ## - СИСТЕМНИ КОНТРОЛНИ НОМЕРА | |
| Koha biblioitemnumber | 210436 |
| Код за отписване | Код за изгубен артикул | Източник на класификационната схема | Код за повреда | Коз за рестрикции | Код за отдаване | Артикулен № | Име на библиотеката - собственик | Име на библиотеката, в която се намира в момента | Статус (Текущо местоположение) | Дата на вписване в системата | Местоположение - отдел | Цена в лева | Инвентарен номер | Систематично азбучна сигнатура | Баркод | Номер на екземпляра | Цена в евро | Служебна бележка | Служебен тип на артикула |
|---|---|---|---|---|---|---|---|---|---|---|---|---|---|---|---|---|---|---|---|
| Не е изгубен | Universal Decimal Classification | Не е повреден | без рестрикции | заемане за дома | 362020 | Регионална библиотека "Любен Каравелов" Русе | Регионална библиотека "Любен Каравелов" Русе | Отдел Изкуство - подръчен фонд | 1977-01-01 | Отдел Изкуство - подръчен фонд | 9.00 | 278147 | 79/Ф 46 | 120000278147 | 1 | 4.60 | Дост: Pk Вид: Ф N: стар фонд Дата: 01.01.1977 Дата инв: 05.06.2015 Бележки инв: ГрИ2015 | Графични издания |